000 00521nam a22001697a 4500
005 20251108170852.0
008 250721s1992 xx 000 0 ara d
082 1 4 _a811.9563/طرا
100 1 _aالكبيسي، طراد
245 1 0 _aكتاب المنزلات :
_bمنزلة الحداثة /
264 1 _aبغداد :
_bوزارة الثقافة دائرة الشؤؤن العامة،
_c1992.
300 _aج
650 1 7 _aالشعر الحديث
650 1 7 _aالواق
942 _2ddc
_cBK
999 _c50938
_d50938